00554nam a22000977a 4500040000800000082002700008100004300035245033100078260002600409300002100435 cRUA aLMA MON 2024 B701 Or.1 aMON SOCHEAT, មន សុជាតិ aStudy On The Changes In The Land Market In Koy Meng Commune Mongkul Borey District Banteay Mean Chey Province,សិក្សាពីបម្រែបម្រួលទីផ្សារដីធ្លី ឃុំគយម៉ែង ស្រុកមង្គលបូរ ខេត្តបន្ទាយមានជ័យ aPHNOM PENHbRUAc2024 axi,bill,c29cm,